Tribes of North-East India: (Record no. 57356)
[ view plain ]
| 000 -LEADER | |
|---|---|
| fixed length control field | 00857nam a22002297a 4500 |
| 005 - DATE AND TIME OF LATEST TRANSACTION | |
| control field | 20111007113557.0 |
| 010 ## - LCCN (DPL NO) | |
| LC control number | G-001668 |
| 020 ## - INTERNATIONAL STANDARD BOOK NUMBER | |
| International Standard Book Number | 9788190720526 |
| Terms of availability | 800.00 |
| 035 1d - SYSTEM CONTROL NUMBER | |
| System control number | G-001668 |
| 037 ## - SOURCE OF ACQUISITION | |
| Source of stock number/acquisition | Gift |
| 082 ## - DEWEY DECIMAL CLASSIFICATION NUMBER | |
| Classification number | 307.772 |
| 100 ## - MAIN ENTRY--PERSONAL NAME | |
| Personal name | Medhi, Birichi K. |
| 245 E# - TITLE STATEMENT | |
| Title | Tribes of North-East India: |
| Statement of responsibility, etc | by Birichi K. Medhi, R.P. Athparia [and] K. Jose SVD |
| Remainder of title | issues and challenges / |
| 260 ## - PUBLICATION, DISTRIBUTION, ETC. (IMPRINT) | |
| Place of publication, distribution, etc | New Delhi |
| Name of publisher, distributor, etc | Omsons Publications |
| Date of publication, distribution, etc | 2009 |
| 270 ## - ADDRESS | |
| Address | 4379/4, Ansari Road, Daryaganj |
| City | New Delhi |
| Postal code | 110002 |
| 300 ## - PHYSICAL DESCRIPTION | |
| Extent | 384p. |
| Dimensions | 22cm(Hb) |
| 700 ## - ADDED ENTRY--PERSONAL NAME | |
| Personal name | Athparia, R.P. |
| 9 (RLIN) | 35283 |
| 700 ## - ADDED ENTRY--PERSONAL NAME | |
| Personal name | Jose SVD, K. |
| 9 (RLIN) | 35284 |
| 942 ## - ADDED ENTRY ELEMENTS (KOHA) | |
| Source of classification or shelving scheme | Dewey Decimal Classification |
| Item type | English Books |
| Classification part | 307.772 |
| Call number suffix | MED |
| Withdrawn status | Lost status | Not for loan | Collection code | Home library | Current library | Date acquired | Source of acquisition | Cost, normal purchase price | Full call number | Barcode | Copy number | Cost, replacement price | Koha item type |
|---|---|---|---|---|---|---|---|---|---|---|---|---|---|
| Non-fiction | Janak Puri | Janak Puri | 07/10/2011 | gift | 800.00 | 307.772 MED | G-001668 | 1 | 800.00 | English Books |
